000 00639nam a2200241Ia 4500
003 OSt
005 20230509100748.0
008 210423s2011 xx 000 0 und d
020 _a978-0-7637-8266-5
040 _cAL
041 _aeng
082 _a574.87 CASL
100 _aCASSIMERIS (Lynne);LINGAPPA (Vishwanath R);PLOPPER (George).
_9100327
245 _aLewins cells Ed 2
250 _a2
260 _aLondon
_bJones & Bartlett Publishers
_c2011
300 _axxiv,1053
_bPB
365 _b5227.5
_cUSD
650 _aBiology
_9100328
650 _aCell Biology
_9100329
906 _acells ; Ed ; Lewin's
942 _2ddc
_cBK
999 _c165536
_d165536